Dedem Mehmet Akif : (Record no. 15112)

MARC details
000 -BAŞLIK
Sabit Uzunlukta Kontrol Alanı 01026nam a22002777a 4500
999 ## - SİSTEM KONTROL NUMARALARI (KOHA)
Koha Biblionumber 15112
Koha Biblioitemnumber 15112
003 - KONTROL NUMARASI IDENTIFIER
Denetim Alanı MIRAKIL
005 - SON İŞLEM TARİHİ VE ZAMANI
Denetim Alanı 20221220124724.0
008 - SABİT-BOY VERİ ELEMANLARI - GENEL BİLGİLER
Sabit Uzunlukta Kontrol Alanı 221220b tu ||||| |||| 00| 0 tur d
020 ## - ULUSLARARASI STANDART KİTAP NUMARASI
Uluslararası Standart Kitap Numarası 9786050819519
040 ## - KATALOGLAMA KAYNAK
Metne Dönüştürmek Ajansı TR-AnCHP
Orijinal Kataloglama Ajansı TR-AnCHP
041 ## - DİL KODU
Metin / Ses Parça Veya Ayrı Başlığın Dil Kodu tur
082 ## - DEWEY ONLU SINIFLANDIRMA NUMARASI
Sınıflandırma Numarası 928.94335
Ürün Numarası A63d 2018
100 ## - ANA GİRİŞ - KİŞİSEL İSİM
Kişisel Ad Argon, Ferda
245 10 - BAŞLIK TABLOSU
Başlık Dedem Mehmet Akif :
Başlığın Kalan zorlukla geçen bir ömrün saklı kalmış hikayesi/
Sorumluluk Tablosu, Vb Ferda Argon , Selma Argon , Fatih Bayhan.
246 ## - UNVAN FORM VARYING
Başlık Doğru / Kısa Başlığı zorlukla geçen bir ömrün saklı kalmış hikayesi
260 ## - YAYIN, DAĞITIM, VB
Yayın, Dağıtım, Vb Yeri İstanbul :
Yayıncı, Dağıtıcı, Vs Adı Timaş Yayınları,
Yayın, Dağıtım, Vb Tarihi 2018.
300 ## - FİZİKSEL TANIM
Kapsam 208 s. :
Diğer Fiziksel Ayrıntıları fotg. ;
Boyutlar 21 sm.
490 ## - SERİSİ TABLOSU
Seri Beyanı Timaş Yayınları;
-- Popüler tarih dizisi;
Hacim / Ardışık Tanımı 3804.
-- 29.
504 ## - KAYNAKÇA VB NOT
Kaynakça Vb Notu Kaynakça ve dizin vardır.
600 14 - KONU KATMA GİRİŞ - KURUMSAL ADI
Kişisel Ad Ersoy, Mehmet Akif
Bir Adıyla İlişkilendirilen Tarihler 1873-1936
Genel Alt Bölümü yaşamöyküsü
9 (RLIN) 3085
650 #0 - KONU KATMA GİRİŞ - TOPİKAL DÖNEM
Topikal Süreli Veya Coğrafi Ad Giriş Elemanı Yazarlar, Türk
Kronolojik Alt Bölümü 20 yy.
9 (RLIN) 5390
Genel Alt Bölümü yaşamöyküsü
700 ## - KATMA GİRİŞ - KİŞİSEL İSİM
Kişisel Ad Argon, Selma
9 (RLIN) 7277
700 1# - KATMA GİRİŞ - KİŞİSEL İSİM
Kişisel Ad Bayhan, Fatih
9 (RLIN) 3086
740 ## - KATMA GİRİŞ - KONTROLSUZ İLGİLİ / ANALİTİK BAŞLIK
Kontrol Edilmeyen / İlgili Analitik Başlıktaki zorlukla geçen bir ömrün saklı kalmış hikayesi
942 ## - EKLENDİ GİRİŞ ELEMANLARI (KOHA)
Sınıflandırma Veya Raf Düzeni Kaynak Dewey Decimal Classification
Koha Öğesi Türü Books
Holdings
Kalıcı Konum Mevcut Konum Edinme Tarihi Toplam Check-Out'Lar Tam Çağrı Numarası Barkod Tarih Son Görülme İtibaren Geçerli Fiyatlar Koha Öğesi Türü
CHP Kütüphanesi CHP Kütüphanesi 12/20/2022   928.94335 A63d 2018 020677 12/20/2022 12/20/2022 Books